<?xml version="1.0" encoding="UTF-8"?>
<record
    xmlns:xsi="http://www.w3.org/2001/XMLSchema-instance"
    xsi:schemaLocation="http://www.loc.gov/MARC21/slim http://www.loc.gov/standards/marcxml/schema/MARC21slim.xsd"
    xmlns="http://www.loc.gov/MARC21/slim">

  <leader>00589nam a22001937a 4500</leader>
  <controlfield tag="005">20250423125518.0</controlfield>
  <datafield tag="010" ind1=" " ind2=" ">
    <subfield code="a">ENG-144699</subfield>
  </datafield>
  <datafield tag="020" ind1=" " ind2=" ">
    <subfield code="a">9789393166838</subfield>
    <subfield code="c">499.00</subfield>
  </datafield>
  <datafield tag="035" ind1=" " ind2=" ">
    <subfield code="a">EN-128231</subfield>
  </datafield>
  <datafield tag="037" ind1=" " ind2=" ">
    <subfield code="b">DBAD</subfield>
  </datafield>
  <datafield tag="082" ind1=" " ind2=" ">
    <subfield code="a">669.94</subfield>
    <subfield code="2">1</subfield>
  </datafield>
  <datafield tag="100" ind1=" " ind2=" ">
    <subfield code="a">Meena, Singh, Samay</subfield>
    <subfield code="9">80807</subfield>
  </datafield>
  <datafield tag="245" ind1=" " ind2=" ">
    <subfield code="a">Ceramic Glasses/</subfield>
    <subfield code="c">Samay Singh Meena</subfield>
    <subfield code="h">ENG</subfield>
  </datafield>
  <datafield tag="260" ind1=" " ind2=" ">
    <subfield code="a">Kanpur, U.P.</subfield>
    <subfield code="b">Social Research Foundation</subfield>
    <subfield code="c">2024</subfield>
  </datafield>
  <datafield tag="270" ind1=" " ind2=" ">
    <subfield code="a">128/170, H-Block, kidwai Nagar,</subfield>
    <subfield code="b">Kanpur, U.P.</subfield>
    <subfield code="e">208011</subfield>
  </datafield>
  <datafield tag="300" ind1=" " ind2=" ">
    <subfield code="a">100p</subfield>
    <subfield code="c">21(pbk)</subfield>
  </datafield>
  <datafield tag="700" ind1=" " ind2=" ">
    <subfield code="a">Samay Singh Meena</subfield>
    <subfield code="9">77984</subfield>
  </datafield>
  <datafield tag="942" ind1=" " ind2=" ">
    <subfield code="2">ddc</subfield>
    <subfield code="c">EN</subfield>
    <subfield code="h">669.94</subfield>
    <subfield code="m">SAM</subfield>
    <subfield code="e">1</subfield>
  </datafield>
  <datafield tag="999" ind1=" " ind2=" ">
    <subfield code="c">211068</subfield>
    <subfield code="d">211068</subfield>
  </datafield>
  <datafield tag="952" ind1=" " ind2=" ">
    <subfield code="0">0</subfield>
    <subfield code="1">0</subfield>
    <subfield code="4">0</subfield>
    <subfield code="7">0</subfield>
    <subfield code="a">BL1</subfield>
    <subfield code="b">BL1</subfield>
    <subfield code="d">2025-04-23</subfield>
    <subfield code="e">DBAD</subfield>
    <subfield code="g">499.00</subfield>
    <subfield code="l">0</subfield>
    <subfield code="o">669.94 SAM</subfield>
    <subfield code="p">EN-128231</subfield>
    <subfield code="r">2025-04-23 00:00:00</subfield>
    <subfield code="t">1</subfield>
    <subfield code="v">499.00</subfield>
    <subfield code="w">2025-04-23</subfield>
    <subfield code="y">EN</subfield>
  </datafield>
</record>
